000 00595 a2200169 4500
003 Nust
005 20230329130357.0
040 _cNust
082 _a800,VAL
100 _aVallins, George Henry.
_938875
245 _aWords in the Making /
_cG. H. Vallins
260 _aLondon,
_bA. & C. Black, ltd.,
_c1945
300 _a96 p.
_b19 cm
505 _aThe Foundation (Page-7), A few Old Words (Page-20), The River of Words (Page-29), Change of Meaning (Page-50), Name-Words (Page-64), Spelling (Page-73), Grammar (page-87).
650 _aEnglish language --Etymology.
_9111564
942 _2ddc
_cBK
999 _c190883
_d190883